Las contradicciones del progreso
Wedi'i Gadw mewn:
| Prif Awdur: | |
|---|---|
| Fformat: | Llyfr |
| Iaith: | Sbaeneg |
| Cyhoeddwyd: |
Santiago
Universidad Diego Portales
2009
|
| Cyfres: | Cátedra Globalización y Democracia
|
| Pynciau: | |
| Tagiau: |
Ychwanegu Tag
Dim Tagiau, Byddwch y cyntaf i dagio'r cofnod hwn!
|
MARC
| LEADER | 00000nam a2200000 a 4500 | ||
|---|---|---|---|
| 001 | UCH5659 | ||
| 003 | CL-VaPUC | ||
| 005 | 20210316001331.0 | ||
| 008 | 091015e20090000cl 1 spa d | ||
| 082 | 0 | 4 | |a 338.9 |b SAV |2 21 |
| 100 | 1 | |a Savater, Fernando |e author |9 621476 | |
| 245 | 1 | 4 | |a Las contradicciones del progreso |
| 260 | |a Santiago |b Universidad Diego Portales |c 2009 | ||
| 300 | |a 38 p | ||
| 490 | 0 | |a Cátedra Globalización y Democracia | |
| 583 | |a last modification |c 20190908 07:05:17 |k Rodrigo Vera | ||
| 650 | 0 | 7 | |a PROGRESO ECONOMICO |2 CL-VaPUC |9 375860 |
| 650 | 0 | 0 | |a Desarrollo económico |9 259599 |
| 942 | |c BK | ||
| 945 | |a rbrito |d 20091015 00:00:00 | ||
| 546 | |a En Español | ||
| 536 | |a Universidad Diego Portales | ||
| 518 | |p Conferencia cátedra globalización y democracia, 1, Santiago, 2008 | ||
| 999 | |c 384473 |d 384471 | ||
| 952 | |0 0 |1 0 |4 0 |6 338_900000000000000_SAV_2009 |7 0 |8 A |9 507237 |a BIBHIS |b BIBHIS |d 2020-01-23 |i 4606094 |o 338.9 SAV 2009 |p 4606094 |r 2025-01-20 |w 2020-01-23 |y BK |k HIS | ||